000 00322 a2200145 4500
001 162525
020 _a
040 _cMagnum
100 _aBarbara, Danusia
240 1 0 _aA borrachinha que queria ser lapis
_lpor
245 1 0 _aA borrachinha que queria ser lapis
362 0 _a1899
697 _aIJ/GERAL
942 _cBK
999 _c162525
_d162525